000 01465nam a2200301 4500
003 EC-UNACH
005 20251015103613.0
006 s||||gr|||| 00| 00
008 150116t9999 mx r gr 000 0 spa d
020 _a978-84-92735-96-9
040 _aEC-UNACH
_cEC-UNACH
041 _aspa
082 0 4 _223
_a620.8
_bL011547
110 _aFUNDACION CONFEMETAL
245 _aManual práctico para la prevención de riesgos emergentes
250 _aPrimera edición
264 _aMadrid - España
_bFUNDACION CONFEMETAL
_c2011
300 _a280 páginas
_bTablas
505 _aÍndice -- Prólogo -- Introducción -- Capítulo 1. Riesgos emergentes y prevención -- Capítulo 2. Influencia de las nuevas tecnologías -- Capítulo 3. Los riesgos psicosociales y su relación con los emergentes -- Capítulo 4. El estrés laboral -- Capítulo 5. Acoso laboral -- Capítulo 6. Burnout o síndrome de trabajador quemado (stq) -- Capítulo 7. Carga mental -- Capítulo 8. Carencia de un estudio exhaustivo de los contaminantes -- Capítulo 9. Enfermedades profesionales derivadas de los riesgos emergentes -- Capítulo 10. Colectivos más desfavorecidos -- Referencias.
650 _aNANOPARTÍCULAS
650 _aVALORACIÓN
650 _aESTRÉS LABORAL
700 _aAzcuénaga Linaza, Luis María
942 _c1
_2ddc
999 _c14007